MARC

LEADER 00000cam a2200000 7i4500
001 0000025346
005 20140811.0
008 140520 my a eng
040 |a INS 
090 0 0 |a M360 
110 1 |a Executive talk : Strategic thinking for leaders ,   |d 2013 26 August   |c INSPEN, Bangi 
245 0 0 |a Executive talk : Strategic thinking for leaders :   |b 26 August 2013   |c Organised by Professional and Executive Development Centre, INSPEN 
260 |a Bangi :   |b Institut Penilaian Negara ,   |c 2013 
300 |a 1v. (Various pagings) :   |b ill. ;   |c 30 cm. 
650 0 |a Strategic planning 
710 1 |a INSPEN ( Institut Penilaian Negara ) 
856 |u http://app.inspen.gov.my:7779/pls/portal/docs/PAGE/CORPORATEPAGES/PORTAL_INSPEN/NOTA_KURSUS/MANAGEMENT/EXECUTIVE%20TALK_%20STRATEGIC%20THINKING%20FOR%20LEADERS.PDF 
999 |a M000000830   |b BOOK   |c Course Notes   |e Default branch 
999 |a M000000831   |b BOOK   |c Course Notes   |e Default branch 
999 |a M000000882   |b BOOK   |c Course Notes   |e Default branch